[Event "23. Memorial Kochana - B"]
[Site "Koszalin"]
[Date "2012.08.14"]
[Round "4.14"]
[White "Ziobrowska, Danuta"]
[Black "Fronczak, Sebastian"]
[Result "0-1"]
[WhiteElo "1621"]
[BlackElo "1747"]
[PlyCount "126"]
[EventDate "2012.??.??"]

1. d4 c5 2. d5 e6 3. dxe6 fxe6 4. e3 Nf6 5. Nc3 Be7 6. Nf3 O-O 7. Bd3 d5 8. O-O
Nc6 9. b3 e5 10. Bb5 Bg4 11. Bxc6 bxc6 12. h3 Bxf3 13. Qxf3 Ne4 14. Qg4 Nxc3
15. Bb2 Ne4 16. f3 Nf6 17. Qe6+ Kh8 18. Bxe5 Qd7 19. Qxd7 Nxd7 20. Bg3 Bf6 21.
Rad1 Rfe8 22. Bf2 Nb6 23. Rfe1 Rad8 24. a4 h6 25. h4 c4 26. g4 cxb3 27. cxb3
Bc3 28. Rf1 Rd7 29. Rc1 Bd2 30. Rxc6 Kh7 31. Kg2 Bxe3 32. a5 Na8 33. Rd1 Bxf2
34. Kxf2 Nc7 35. Rc5 d4 36. Rd3 Ne6 37. Rc4 Red8 38. Kg3 g5 39. hxg5 hxg5 40.
b4 Nf4 41. Rd2 d3 42. b5 Re8 43. Re4 Rc8 44. Re1 Rc2 45. Red1 Rxd2 46. Rxd2 Rd5
47. b6 axb6 48. axb6 Rb5 49. Kf2 Rxb6 50. Ra2 Rd6 51. Ke3 d2 52. Rxd2 Rxd2 53.
Kxd2 Kg6 54. Ke3 Kf6 55. Kd4 Ng2 56. Ke4 Ke6 57. Kd4 Nh4 58. Ke4 Ng6 59. Kd4
Ne7 60. Ke4 Nd5 61. Kd4 Nf6 62. f4 gxf4 63. g5 Nh5 0-1

[Event "23. Memorial Kochana - B"]
[Site "Koszalin"]
[Date "2012.08.14"]
[Round "4.15"]
[White "Bregoszewski, Leon"]
[Black "Trembowiecka-Wysota, Aleksandra"]
[Result "1-0"]
[WhiteElo "1685"]
[BlackElo "1417"]
[PlyCount "53"]
[EventDate "2012.??.??"]

1. d4 Nf6 2. f4 g6 3. Nf3 Bg7 4. e3 O-O 5. Bd3 d6 6. e4 Nbd7 7. O-O c5 8. c3
Qb6 9. Nbd2 cxd4 10. cxd4 e5 11. Nc4 Qc7 12. fxe5 dxe5 13. d5 Nxe4 14. Qe2 Qc5+
15. Be3 Qxd5 16. Rad1 Qc6 17. Rc1 Qd5 18. Rfd1 f5 19. Ncxe5 Qa5 20. Bc4+ Kh8
21. Nxd7 Bxd7 22. Rxd7 b6 23. Rcd1 Nc5 24. Rxg7 Kxg7 25. Bd4+ Kh6 26. Qe7 Ne4
27. Qh4# 1-0

[Event "23. Memorial Kochana - B"]
[Site "Koszalin"]
[Date "2012.08.14"]
[Round "4.17"]
[White "Dura, Damian"]
[Black "Popiolek, Henryk"]
[Result "1-0"]
[WhiteElo "1617"]
[BlackElo "1385"]
[PlyCount "75"]
[EventDate "2012.??.??"]

1. e4 c5 2. f4 Nc6 3. Nf3 d6 4. Bc4 e6 5. Nc3 a6 6. a3 Be7 7. O-O Nf6 8. d3 Qc7
9. Be3 O-O 10. Qd2 Ng4 11. h3 Nxe3 12. Qxe3 Bf6 13. Kh1 Nd4 14. Rf2 b5 15. Ba2
Nxf3 16. Rxf3 b4 17. e5 dxe5 18. Ne4 Be7 19. axb4 cxb4 20. Bc4 exf4 21. Rxf4
Bb7 22. Raf1 Bxe4 23. Qxe4 Bf6 24. b3 Rfd8 25. Qf3 a5 26. Qg4 Kh8 27. Qf3 Qe5
28. Re4 Qc3 29. Qe2 Rd4 30. Re3 Rh4 31. Ref3 Rh6 32. g4 Kg8 33. g5 Bxg5 34.
Rxf7 Rf6 35. R1xf6 Bxf6 36. Qxe6 Qe5 37. Rf8+ Kxf8 38. Qf7# 1-0

[Event "23. Memorial Kochana - B"]
[Site "Koszalin"]
[Date "2012.08.14"]
[Round "4.18"]
[White "Wasilewski, Leszek"]
[Black "Dura, Rafal"]
[Result "0-1"]
[WhiteElo "1353"]
[BlackElo "1563"]
[PlyCount "56"]
[EventDate "2012.??.??"]

1. d4 d5 2. Nf3 Bf5 3. c4 c6 4. Nc3 e6 5. e3 Nf6 6. cxd5 cxd5 7. Bd3 Bxd3 8.
Qxd3 Nc6 9. a3 Bd6 10. O-O Rc8 11. Re1 O-O 12. Qc2 a6 13. Qe2 Qb6 14. Kh1 h6
15. Nd2 Na5 16. f4 Nc4 17. Nxc4 Rxc4 18. Qf3 Qa5 19. Rg1 Rxc3 20. bxc3 Qxc3 21.
Rb1 Ne4 22. g4 g5 23. Rb2 Bxa3 24. Rb1 Qc2 25. Bxa3 Nf2+ 26. Kg2 Nxg4+ 27. Qf2
Qxf2+ 28. Kh3 Qf3+ 0-1

[Event "23. Memorial Kochana"]
[Site "Koszalin"]
[Date "2012.08.15"]
[Round "5.1"]
[White "Shishkin, Vadim"]
[Black "Ovsejevitsch, Sergei"]
[Result "1/2-1/2"]
[WhiteElo "2485"]
[BlackElo "2561"]
[PlyCount "48"]
[EventDate "2012.??.??"]

1. d4 Nf6 2. c4 e6 3. Nc3 d5 4. cxd5 exd5 5. Bg5 Be7 6. e3 c6 7. Bd3 Nbd7 8.
Qc2 O-O 9. Nge2 Re8 10. O-O Nf8 11. f3 Ng6 12. Rad1 Be6 13. Ng3 Kh8 14. Rfe1
Rc8 15. a3 a6 16. Na4 Rc7 17. Nf5 Bxf5 18. Bxf5 Nh5 19. Bxe7 Rcxe7 20. Qf2 Nf6
21. Nc5 Nf8 22. b4 Qc7 23. Bb1 a5 24. Qd2 axb4 1/2-1/2

[Event "23. Memorial Kochana"]
[Site "Koszalin"]
[Date "2012.08.15"]
[Round "5.2"]
[White "Malaniuk, Vladimir P"]
[Black "Weichhold, Pawel"]
[Result "1/2-1/2"]
[WhiteElo "2523"]
[BlackElo "2365"]
[PlyCount "33"]
[EventDate "2012.??.??"]

1. d4 Nf6 2. Nf3 g6 3. c4 Bg7 4. g3 O-O 5. Bg2 d6 6. Nc3 Nc6 7. h3 a6 8. O-O
Rb8 9. e4 b5 10. cxb5 axb5 11. Re1 e6 12. Qc2 b4 13. Ne2 Na5 14. Bg5 Qd7 15. a3
bxa3 16. Rxa3 Nc6 17. Nc3 1/2-1/2

[Event "23. Memorial Kochana"]
[Site "Koszalin"]
[Date "2012.08.15"]
[Round "5.3"]
[White "Sieciechowicz, Marcin"]
[Black "Jacek, Krystian"]
[Result "1-0"]
[WhiteElo "2441"]
[BlackElo "2071"]
[PlyCount "167"]
[EventDate "2012.??.??"]

1. d4 Nf6 2. c4 g6 3. Nc3 Bg7 4. e4 d6 5. Nf3 O-O 6. Be2 e5 7. O-O Na6 8. Be3
Ng4 9. Bg5 Qe8 10. c5 exd4 11. Nd5 Qxe4 12. Ne7+ Kh8 13. Bc4 Ne5 14. Bd5 Qg4
15. Nxc8 Nxf3+ 16. Qxf3 Qxg5 17. Bxb7 Raxc8 18. Bxc8 Rxc8 19. Qb7 Rd8 20. Qxa6
dxc5 21. Qxa7 d3 22. Rab1 Qe5 23. Qb7 d2 24. b3 Qe2 25. Qf3 Qxf3 26. gxf3 Ra8
27. a4 Bc3 28. Rfd1 c4 29. Kf1 c5 30. bxc4 Rxa4 31. Ke2 Ra3 32. Rb7 Kg7 33. Re7
Bb4 34. Re3 Ra2 35. Kd3 Kf6 36. Ke4 Rc2 37. Kd3 Rc1 38. Ke2 Rxc4 39. Re4 Rc2
40. Rg4 h5 41. Rgg1 Ke5 42. Kd3 Rc3+ 43. Kxd2 Rxf3+ 44. Ke2 Rh3 45. Rd7 Kf6 46.
Ra1 Rxh2 47. Ra6+ Kg5 48. Rxf7 Rg2 49. Kf1 Rg4 50. f3 Rg3 51. Kf2 h4 52. Rc6
Kh6 53. Rf4 Rg5 54. Rxh4+ Kg7 55. f4 Rf5 56. Ke3 Bc3 57. Rc7+ Rf7 58. Rxc5 Bf6
59. Rg4 Re7+ 60. Kf3 Kf7 61. Rg2 Ra7 62. Rgc2 Ra3+ 63. Kg4 Be7 64. Rc6 Re3 65.
Ra6 Re1 66. Rcc6 Rg1+ 67. Kf3 Rf1+ 68. Kg3 g5 69. fxg5 Bxg5 70. Ra7+ Be7 71.
Rh6 Rg1+ 72. Kf3 Rg7 73. Kf4 Kg8 74. Kf5 Kf7 75. Rf6+ Ke8 76. Rb6 Rg5+ 77. Kf4
Rg1 78. Re6 Rf1+ 79. Ke4 Re1+ 80. Kd5 Rd1+ 81. Kc6 Rc1+ 82. Kb5 Rb1+ 83. Kc4
Rc1+ 84. Kb3 1-0

[Event "23. Memorial Kochana"]
[Site "Koszalin"]
[Date "2012.08.15"]
[Round "5.4"]
[White "Tiba, Vladyslav"]
[Black "Rawicz, Karol"]
[Result "1/2-1/2"]
[WhiteElo "2192"]
[BlackElo "2261"]
[PlyCount "107"]
[EventDate "2012.??.??"]

1. e4 c5 2. Nf3 Nc6 3. d4 cxd4 4. Nxd4 g6 5. Nc3 Bg7 6. Be3 Nf6 7. Bc4 Qa5 8.
O-O O-O 9. Bb3 d6 10. h3 Bd7 11. f4 Nxd4 12. Bxd4 Bc6 13. e5 Ne8 14. exd6 Nxd6
15. Bxg7 Kxg7 16. Qd4+ Kg8 17. Rfe1 Rad8 18. Qf2 Nf5 19. Rad1 Rxd1 20. Rxd1 Rd8
21. Rxd8+ Qxd8 22. Bc4 Nd4 23. Bd5 Qb6 24. Bxc6 bxc6 25. Kh2 c5 26. Nd1 Qd6 27.
Ne3 g5 28. g3 Qc6 29. fxg5 Nf3+ 30. Kg2 Nxg5+ 31. Kh2 Qe6 32. g4 Qe4 33. h4
Qe5+ 34. Kg2 Ne4 35. Qf3 Nd6 36. c3 Kg7 37. h5 e6 38. Qg3 Kf6 39. Qh4+ Qg5 40.
Qxg5+ Kxg5 41. Kf3 a5 42. b3 Nb5 43. Nc4 Nxc3 44. Nxa5 Nxa2 45. Nb7 f5 46. gxf5
exf5 47. Nxc5 h6 48. Nd3 Kxh5 49. Kf4 Kg6 50. Ne5+ Kf6 51. Nd7+ Ke6 52. Nc5+
Kf6 53. Nd7+ Ke6 54. Nc5+ 1/2-1/2

[Event "23. Memorial Kochana"]
[Site "Koszalin"]
[Date "2012.08.15"]
[Round "5.5"]
[White "Mielczarski, Miroslaw"]
[Black "Adamowicz, Katarzyna"]
[Result "1-0"]
[WhiteElo "2238"]
[BlackElo "2114"]
[PlyCount "141"]
[EventDate "2012.??.??"]

1. d4 Nf6 2. c4 e6 3. Nc3 d5 4. cxd5 exd5 5. Bg5 Be7 6. e3 c6 7. Bd3 Nbd7 8.
Qc2 O-O 9. Nf3 Re8 10. O-O Nf8 11. Rab1 Ng6 12. b4 Ne4 13. Bxe7 Qxe7 14. b5 Bg4
15. bxc6 bxc6 16. Bxe4 dxe4 17. Nd2 f5 18. h3 Bh5 19. Qb3+ Kh8 20. Qb7 Qg5 21.
Qc7 Nh4 22. Qg3 Qf6 23. Nb3 g5 24. Nc5 Rad8 25. Rb7 Bg6 26. Qc7 Rc8 27. Qd7
Rcd8 28. Qc7 Rc8 29. Qg3 Rcd8 30. Qc7 Rc8 31. Qh2 f4 32. Nd7 Qf5 33. Rfb1 Rcd8
34. Ne5 Rxe5 35. dxe5 Qxe5 36. Ne2 Nf3+ 37. gxf3 exf3 38. exf4 Bxb1 39. Rxb1
Qxe2 40. Qg3 Qxa2 41. Rb7 Qa6 42. Rc7 Qa1+ 43. Kh2 Qd4 44. fxg5 Qd6 45. Rxa7
Qxg3+ 46. Kxg3 Rd3 47. Rc7 Rc3 48. Kg4 Kg8 49. Rd7 c5 50. Rc7 c4 51. Kf5 Ra3
52. Rxc4 Kg7 53. Rc7+ Kg8 54. Kg4 Rb3 55. Rc6 Kg7 56. Rf6 Rb1 57. h4 Rg1+ 58.
Kxf3 Rh1 59. Kg4 Rg1+ 60. Kf5 Rh1 61. Rh6 Ra1 62. f4 Ra5+ 63. Kg4 Ra4 64. Rb6
Re4 65. h5 Ra4 66. h6+ Kf7 67. Rb7+ Kg8 68. Rb8+ Kf7 69. Rh8 Kg6 70. Rg8+ Kf7
71. Rg7+ 1-0

[Event "23. Memorial Kochana"]
[Site "Koszalin"]
[Date "2012.08.15"]
[Round "5.6"]
[White "Adamowicz, Maciej"]
[Black "Watorek, Marcin"]
[Result "0-1"]
[WhiteElo "1969"]
[BlackElo "2154"]
[PlyCount "84"]
[EventDate "2012.??.??"]

1. c4 e6 2. g3 d5 3. Bg2 Nf6 4. Nf3 Be7 5. O-O O-O 6. b3 b6 7. Bb2 Bb7 8. cxd5
exd5 9. d4 Nbd7 10. Nbd2 c5 11. Rc1 Rc8 12. Re1 Ne4 13. dxc5 Bxc5 14. e3 Qe7
15. Nb1 Ndf6 16. Nd4 Bb4 17. Re2 Rxc1 18. Bxc1 a5 19. Rc2 Bc5 20. Bb2 g6 21. a3
Re8 22. Qc1 Ba6 23. Qd1 Nxf2 24. Rxf2 Qxe3 25. b4 axb4 26. axb4 Qe1+ 27. Qxe1
Rxe1+ 28. Bf1 Ne4 29. Kg2 Nxf2 30. Bxa6 Rxb1 31. bxc5 bxc5 32. Kxf2 Rxb2+ 33.
Ne2 Kf8 34. Ke3 Ke7 35. h4 Kd6 36. Kd3 Ke5 37. Kc3 Ra2 38. Bd3 Ra3+ 39. Kd2 c4
40. Bc2 d4 41. Bb1 h5 42. Kd1 d3 0-1

[Event "23. Memorial Kochana"]
[Site "Koszalin"]
[Date "2012.08.15"]
[Round "5.7"]
[White "Kudas, Damian"]
[Black "Sokolowski, Ryszard"]
[Result "1-0"]
[WhiteElo "2098"]
[BlackElo "2132"]
[PlyCount "75"]
[EventDate "2012.??.??"]

1. d4 e6 2. c4 b6 3. Nf3 Bb7 4. g3 f5 5. Bg2 Nf6 6. O-O Be7 7. Nc3 O-O 8. d5
Na6 9. Nd4 Nc5 10. Qc2 a5 11. Rd1 Qc8 12. Bf4 Nh5 13. Bd2 Bd6 14. Ncb5 Be5 15.
f4 Bxd4+ 16. Nxd4 Nf6 17. b4 Nce4 18. dxe6 dxe6 19. bxa5 bxa5 20. Rab1 Ra6 21.
Rb5 c5 22. Rdb1 Ba8 23. Nf3 Nxd2 24. Qxd2 Ne4 25. Qb2 Rd6 26. Qe5 Qd7 27. Bf1
Qc7 28. Qb2 Rdd8 29. Bg2 h6 30. Qe5 Rd6 31. Ne1 Rc8 32. Nd3 Bc6 33. R5b2 Bd7
34. Bxe4 fxe4 35. Qxe4 Rd4 36. Qe5 Qc6 37. Rb6 Qa8 38. Nxc5 1-0

[Event "23. Memorial Kochana - B"]
[Site "Koszalin"]
[Date "2012.08.15"]
[Round "5.1"]
[White "Koszowski, Krystian"]
[Black "Tarczykowski, Janusz"]
[Result "1/2-1/2"]
[WhiteElo "1677"]
[BlackElo "1988"]
[PlyCount "108"]
[EventDate "2012.??.??"]

1. e4 Nf6 2. Nc3 e5 3. Bc4 Nc6 4. d3 Na5 5. Bb3 Nxb3 6. axb3 Bb4 7. Bd2 d5 8.
exd5 Nxd5 9. Nxd5 Bxd2+ 10. Qxd2 Qxd5 11. Nf3 f6 12. h3 O-O 13. Qe3 b6 14. O-O
c5 15. Ra3 a5 16. Nd2 Bb7 17. f3 Rad8 18. Ra4 Rfe8 19. Rg4 Bc8 20. Rg3 Qd4 21.
Qxd4 exd4 22. Kf2 Re6 23. Re1 Rde8 24. Rxe6 Rxe6 25. f4 Bb7 26. h4 b5 27. Rh3
Bxg2 28. Rg3 Bd5 29. Rg1 a4 30. bxa4 bxa4 31. Ra1 Rb6 32. b3 axb3 33. cxb3 Kf7
34. f5 g6 35. Ra7+ Rb7 36. Ra5 gxf5 37. Rxc5 Bxb3 38. Nf3 Rb4 39. Rxf5 Bd1 40.
Rd5 Rb2+ 41. Kg3 Re2 42. Rd7+ Kg6 43. Rxd4 Re3 44. Rg4+ Kh5 45. Rf4 Rxf3+ 46.
Rxf3 Bxf3 47. Kxf3 Kg6 48. Kf4 Kf7 49. Kf5 Ke7 50. d4 Kf7 51. h5 Ke7 52. d5 Kd6
53. Kxf6 Kxd5 54. Kg7 Ke6 1/2-1/2

[Event "23. Memorial Kochana - B"]
[Site "Koszalin"]
[Date "2012.08.15"]
[Round "5.2"]
[White "Bartoszewicz, Marcin"]
[Black "Karwowski, Kacper"]
[Result "1-0"]
[WhiteElo "1908"]
[BlackElo "1864"]
[PlyCount "53"]
[EventDate "2012.??.??"]

1. e4 c5 2. Nf3 d6 3. Bb5+ Nc6 4. Bxc6+ bxc6 5. O-O e5 6. d3 g6 7. c3 Bg4 8. h3
Bxf3 9. Qxf3 Bg7 10. Qe2 Ne7 11. f4 exf4 12. Bxf4 O-O 13. Nd2 d5 14. Nb3 Qb6
15. Bd6 c4+ 16. Bc5 cxd3 17. Qxd3 Qb7 18. exd5 cxd5 19. Rae1 Rfe8 20. Qe3 Bf8
21. Rxf7 Kxf7 22. Qe6+ Kg7 23. Bd4+ Kh6 24. Qe3+ g5 25. h4 Kg6 26. Qxg5+ Kf7
27. Qf6+ 1-0

[Event "23. Memorial Kochana - B"]
[Site "Koszalin"]
[Date "2012.08.15"]
[Round "5.3"]
[White "Darowicki, Mariusz"]
[Black "Kowalski, Maciej"]
[Result "1-0"]
[WhiteElo "1856"]
[BlackElo "1851"]
[PlyCount "103"]
[EventDate "2012.??.??"]

1. e4 c5 2. Nf3 e6 3. d4 cxd4 4. Nxd4 Nf6 5. Bd3 Be7 6. O-O d6 7. Nc3 O-O 8.
Be3 a6 9. a4 Nc6 10. h3 Qc7 11. Qe1 Rd8 12. f4 Nxd4 13. Bxd4 e5 14. Be3 Be6 15.
a5 Re8 16. g4 Bc4 17. Qe2 Bxd3 18. cxd3 Bf8 19. g5 Nd7 20. Nd5 Qd8 21. f5 Rc8
22. b4 Nb8 23. Rf2 Nc6 24. f6 g6 25. h4 Re6 26. Rh2 Qe8 27. Qf3 Rd8 28. Nc7 Qd7
29. Nxe6 Qxe6 30. h5 Nxb4 31. hxg6 fxg6 32. Rb1 d5 33. Bd2 Bc5+ 34. Kh1 dxe4
35. dxe4 Qa2 36. Qb3+ Qxb3 37. Rxb3 Nd3 38. Re2 Rd7 39. Kg2 Kf7 40. Kf3 Ke6 41.
Be3 Bb4 42. Bd2 Bc5 43. Rh2 Bg1 44. Rh1 Nc5 45. Rb6+ Kf7 46. Rxh7+ Ke8 47. Rxd7
Kxd7 48. Be3 Bxe3 49. Kxe3 Kc7 50. f7 Nd7 51. Rxg6 Nf8 52. Rg8 1-0

[Event "23. Memorial Kochana - B"]
[Site "Koszalin"]
[Date "2012.08.15"]
[Round "5.4"]
[White "Czernicki, Bogdan"]
[Black "Januszkiewicz, Wojciech"]
[Result "1-0"]
[WhiteElo "1850"]
[BlackElo "1766"]
[PlyCount "161"]
[EventDate "2012.??.??"]

1. d4 Nf6 2. Nf3 e6 3. Bg5 h6 4. Bh4 b6 5. Nbd2 Bb7 6. e3 Be7 7. Bd3 d6 8. O-O
c5 9. c3 Nc6 10. e4 g5 11. Bg3 g4 12. Ne1 cxd4 13. cxd4 Nxd4 14. Qa4+ Nc6 15.
Bb5 Qd7 16. Rc1 Rc8 17. Nd3 a6 18. Bxc6 Rxc6 19. e5 Rxc1 20. Qxd7+ Kxd7 21.
Rxc1 Ne4 22. Nc4 b5 23. Nxd6 Bxd6 24. exd6 Rc8 25. Ne5+ Kxd6 26. Rxc8 Bxc8 27.
Nxf7+ Ke7 28. Nxh6 Nxg3 29. hxg3 e5 30. f3 gxf3 31. gxf3 Kf6 32. Kf2 Be6 33.
Ng4+ Kf5 34. Ne3+ Kf6 35. a3 a5 36. Ke2 Ke7 37. Kd3 Kd6 38. Ke4 Bg8 39. f4 exf4
40. gxf4 b4 41. axb4 axb4 42. Kd4 Kc6 43. f5 Kd6 44. Nc2 Bh7 45. Ne3 Bg8 46.
Nc4+ Ke7 47. Nb6 Kf6 48. Ke4 Bh7 49. Nd5+ Kg5 50. Ne3 Kf6 51. Kf4 Bg8 52. Ng4+
Ke7 53. Ke5 b3 54. Nf6 Bc4 55. Ne4 Bg8 56. Nd6 Bh7 57. Nb5 Bg8 58. Nd4 Bc4 59.
Ne6 Kf7 60. Nd8+ Ke7 61. Nc6+ Kd7 62. Nd4 Ke7 63. Nf3 Bf7 64. Ng5 Bc4 65. Ne6
Be2 66. Nf4 Bc4 67. Nd5+ Kf7 68. Kd4 Be2 69. Kc3 Bf3 70. Ne3 Kf6 71. Kxb3 Ke5
72. Kc3 Ke4 73. f6 Bh5 74. Ng4 Kf5 75. f7 Bxf7 76. Nh6+ Kf6 77. Nxf7 Kxf7 78.
Kc4 Ke7 79. Kc5 Kd7 80. Kb6 Kc8 81. b3 1-0

[Event "23. Memorial Kochana - B"]
[Site "Koszalin"]
[Date "2012.08.15"]
[Round "5.5"]
[White "Osinski, Kamil"]
[Black "Kiolbasa, Damian"]
[Result "1-0"]
[WhiteElo "1713"]
[BlackElo "1826"]
[PlyCount "75"]
[EventDate "2012.??.??"]

1. e4 d5 2. exd5 Qxd5 3. Nc3 Qd6 4. d4 Nf6 5. Nf3 c6 6. Be3 Bg4 7. Be2 Nbd7 8.
Qd2 e6 9. h3 Bh5 10. O-O Be7 11. a3 Nb6 12. Bf4 Qd8 13. Ne5 Bxe2 14. Nxe2 Nfd5
15. b3 Nxf4 16. Qxf4 O-O 17. c4 Bd6 18. Qe4 Qe7 19. Rfd1 a5 20. Nd3 Nd7 21. c5
Bc7 22. Nc3 Rfd8 23. Nb2 Qf6 24. b4 g6 25. Nc4 axb4 26. axb4 Rxa1 27. Rxa1 Nxc5
28. bxc5 Rxd4 29. Qe2 Qf4 30. Nd6 Bxd6 31. cxd6 Qxd6 32. Qf3 Rf4 33. Qe3 b5 34.
Rd1 Qc7 35. g3 Rc4 36. Ne4 Ra4 37. Nf6+ Kf8 38. Qc5+ 1-0

[Event "23. Memorial Kochana - B"]
[Site "Koszalin"]
[Date "2012.08.15"]
[Round "5.7"]
[White "Fronczak, Sebastian"]
[Black "Pilat, Wieslaw"]
[Result "0-1"]
[WhiteElo "1747"]
[BlackElo "1899"]
[PlyCount "66"]
[EventDate "2012.??.??"]

1. e4 e6 2. d4 d5 3. Nc3 Nf6 4. Bg5 Be7 5. e5 Nfd7 6. Bxe7 Qxe7 7. f4 a6 8. Nf3
c5 9. Qd2 Nc6 10. dxc5 Nxc5 11. Bd3 Bd7 12. O-O O-O 13. Ne2 Rac8 14. Qe3 Nxd3
15. cxd3 Nb4 16. Ned4 Nc2 17. Nxc2 Rxc2 18. Rf2 Rfc8 19. Nd4 Rxf2 20. Kxf2 Qb4
21. Rb1 Qa4 22. a3 h6 23. g4 b5 24. f5 exf5 25. gxf5 b4 26. axb4 Qxb4 27. Rg1
Qxb2+ 28. Kg3 Kh7 29. e6 fxe6 30. fxe6 Re8 31. Kh3 Bc8 32. Qe5 Bxe6+ 33. Kh4
Qf2+ 0-1

[Event "23. Memorial Kochana - B"]
[Site "Koszalin"]
[Date "2012.08.15"]
[Round "5.9"]
[White "Przerwa, Waldemar"]
[Black "Bregoszewski, Leon"]
[Result "1-0"]
[WhiteElo "1807"]
[BlackElo "1685"]
[PlyCount "103"]
[EventDate "2012.??.??"]

1. g3 d5 2. Nf3 Nf6 3. Bg2 c6 4. O-O Bf5 5. b3 e6 6. Bb2 Be7 7. c4 Nbd7 8. d3
Qc7 9. Nbd2 O-O 10. cxd5 exd5 11. Qc2 Bb4 12. a3 Ba5 13. b4 Bb6 14. e4 dxe4 15.
dxe4 Bg6 16. Nh4 Ne5 17. Nxg6 hxg6 18. Nc4 Nxc4 19. Qxc4 Rad8 20. e5 Nd5 21.
Rad1 Rfe8 22. Rd3 Ne7 23. Rfd1 Rxd3 24. Rxd3 Rd8 25. a4 a6 26. a5 Rxd3 27. Qxd3
Qd8 28. Qxd8+ Bxd8 29. Bd4 Nf5 30. Bc5 Be7 31. Bxe7 Nxe7 32. Kf1 Kf8 33. Ke2
Ke8 34. Kd3 Kd7 35. Kc4 f6 36. exf6 gxf6 37. Kc5 Kc7 38. h4 Nc8 39. g4 Kd7 40.
h5 gxh5 41. gxh5 Ke8 42. h6 Kf7 43. h7 Kg7 44. Be4 Ne7 45. Kd6 f5 46. Kxe7 fxe4
47. Ke6 Kxh7 48. Ke5 Kg6 49. Kxe4 Kf6 50. Kd4 Ke6 51. Kc5 Ke5 52. f3 1-0

[Event "23. Memorial Kochana - B"]
[Site "Koszalin"]
[Date "2012.08.15"]
[Round "5.10"]
[White "Dabrowski, Damian"]
[Black "Szmidt, Przemyslaw"]
[Result "0-1"]
[WhiteElo "1543"]
[BlackElo "1936"]
[PlyCount "86"]
[EventDate "2012.??.??"]

1. e4 c5 2. Nf3 e6 3. d4 cxd4 4. Nxd4 Qb6 5. Nb3 Nc6 6. Be3 Qc7 7. Nc3 Bb4 8.
Bd2 a6 9. a3 Be7 10. f4 d6 11. Qf3 b5 12. Bd3 Nf6 13. g4 Bb7 14. g5 Nd7 15. Rf1
Nc5 16. Nxc5 dxc5 17. Be3 O-O-O 18. O-O-O Nd4 19. Qf2 Rd7 20. Ne2 Nxe2+ 21.
Bxe2 Rxd1+ 22. Rxd1 Bxe4 23. Bf3 Bb7 24. Bxb7+ Kxb7 25. Qf3+ Ka7 26. b4 Rc8 27.
Qf2 Ka8 28. Qg2+ Qb7 29. Qd2 cxb4 30. axb4 Qe4 31. Bc5 Bxc5 32. bxc5 Qc6 33.
Qa5 Qxc5 34. Qxa6+ Kb8 35. Rd2 Qc6 36. Qa3 Kb7 37. Qe7+ Rc7 38. Qa3 Qc3 39. Qa2
Rc4 40. Rd3 Qxd3 41. h4 Qe3+ 42. Kb1 Rb4+ 43. Ka1 Qc3+ 0-1

[Event "23. Memorial Kochana - B"]
[Site "Koszalin"]
[Date "2012.08.15"]
[Round "5.11"]
[White "Pijewski, Milosz"]
[Black "Malaczek, Mateusz"]
[Result "0-1"]
[WhiteElo "1511"]
[BlackElo "1822"]
[PlyCount "88"]
[EventDate "2012.??.??"]

1. d4 Nf6 2. c4 c5 3. d5 b5 4. b3 bxc4 5. bxc4 g6 6. Bb2 Bg7 7. Nd2 O-O 8. Ngf3
d6 9. e3 Na6 10. a3 Rb8 11. Rb1 Bf5 12. Bxf6 Rxb1 13. Nxb1 Bxf6 14. Bd3 Bxd3
15. Qxd3 Qa5+ 16. Nfd2 Rb8 17. O-O Rb2 18. Rc1 Ra2 19. g3 Qb6 20. Qb3 Rb2 21.
Qxb6 axb6 22. Kf1 Nc7 23. Ke1 b5 24. e4 bxc4 25. Nxc4 Ra2 26. Nc3 Bxc3+ 27.
Rxc3 Nb5 28. Rd3 Nd4 29. h4 f6 30. f4 h6 31. Kd1 g5 32. hxg5 hxg5 33. fxg5 fxg5
34. Nd2 Ra1+ 35. Nb1 Rxb1+ 36. Kd2 Rb2+ 37. Kc1 Rb3 38. Rxb3 Nxb3+ 39. Kb2 Na5
40. Kc3 Kg7 41. a4 Kf6 42. Kd3 Ke5 43. Ke3 g4 44. Kd3 c4+ 0-1

[Event "23. Memorial Kochana - B"]
[Site "Koszalin"]
[Date "2012.08.15"]
[Round "5.14"]
[White "Borkowski, Helmut"]
[Black "Siwon, Zbigniew"]
[Result "0-1"]
[WhiteElo "1497"]
[BlackElo "1792"]
[PlyCount "104"]
[EventDate "2012.??.??"]

1. e4 c5 2. Nf3 Nc6 3. Nc3 d6 4. Bc4 Nf6 5. Qe2 g6 6. d3 Bg7 7. Be3 Bd7 8. Ng5
O-O 9. O-O h6 10. Nf3 Na5 11. a3 Nxc4 12. dxc4 Ng4 13. Bd2 Kh7 14. h3 Ne5 15.
Rad1 f5 16. b3 Nxf3+ 17. Qxf3 Bc6 18. Qe2 f4 19. f3 Bd4+ 20. Kh1 e6 21. Qe1 Qe7
22. Ne2 g5 23. c3 Be5 24. Nc1 Kg7 25. Nd3 Qf6 26. Nf2 h5 27. Nd3 Rh8 28. Kg1
Kf7 29. b4 b6 30. b5 Bb7 31. a4 Ke7 32. Rb1 Qg7 33. Kf2 g4 34. Nxe5 Qxe5 35.
Ke2 gxh3 36. Qh4+ Kd7 37. Qxh3 Rag8 38. Be1 Bxe4 39. fxe4 Qxe4+ 40. Kd2 Qxb1
41. Rxf4 Rxg2+ 42. Bf2 Qb2+ 43. Ke1 Qc1+ 44. Ke2 Qxf4 45. Qxg2 Qg4+ 46. Qf3
Qxf3+ 47. Kxf3 Rf8+ 48. Kg2 Rxf2+ 49. Kxf2 e5 50. Kf3 Ke6 51. Ke4 h4 52. Kf3
Kf5 0-1

[Event "23. Memorial Kochana - B"]
[Site "Koszalin"]
[Date "2012.08.15"]
[Round "5.15"]
[White "Czaplewska, Klara"]
[Black "Cwirko, Mateusz"]
[Result "1-0"]
[WhiteElo "1747"]
[BlackElo "1436"]
[PlyCount "67"]
[EventDate "2012.??.??"]

1. e4 e5 2. Nf3 Nc6 3. Bb5 a6 4. Ba4 Nf6 5. O-O Be7 6. Re1 b5 7. Bb3 O-O 8. c3
d5 9. exd5 Nxd5 10. h3 Bf6 11. d3 Re8 12. Be3 Bf5 13. Bc2 Qd7 14. Nbd2 Rad8 15.
Ne4 Bxe4 16. dxe4 Nxe3 17. Rxe3 Re6 18. Rd3 Rd6 19. Rxd6 Qxd6 20. Qe2 Qe6 21.
a4 Na7 22. axb5 Nxb5 23. Bd3 Rb8 24. c4 Nd4 25. Nxd4 exd4 26. c5 Qc6 27. Qc2
Be7 28. Ra5 Rb4 29. Bxa6 h6 30. Bc4 Qb7 31. b3 c6 32. Qa2 Bf6 33. Ra7 Qb8 34.
Ra8 1-0

[Event "23. Memorial Kochana - B"]
[Site "Koszalin"]
[Date "2012.08.15"]
[Round "5.17"]
[White "Dura, Rafal"]
[Black "Leszczewska, Edyta"]
[Result "1-0"]
[WhiteElo "1563"]
[BlackElo "1398"]
[PlyCount "27"]
[EventDate "2012.??.??"]

1. e4 e5 2. Nf3 Nc6 3. Bc4 Bc5 4. d3 Nf6 5. Bg5 Be7 6. Nc3 d6 7. h3 O-O 8. Qd2
Be6 9. Bb3 Bxb3 10. axb3 Nh5 11. Bxe7 Qxe7 12. Nd5 Qd7 13. Qg5 Nf4 14. Nf6+ 1-0

[Event "23. Memorial Kochana - B"]
[Site "Koszalin"]
[Date "2012.08.15"]
[Round "5.20"]
[White "Kubiak, Jakub"]
[Black "Ziobrowska, Danuta"]
[Result "0-1"]
[WhiteElo "1471"]
[BlackElo "1621"]
[PlyCount "106"]
[EventDate "2012.??.??"]

1. e4 c6 2. d4 d5 3. e5 Bf5 4. Bd3 Bxd3 5. Qxd3 e6 6. f4 g6 7. Nf3 Nd7 8. h4 h5
9. Ng5 Qe7 10. Bd2 f5 11. exf6 Qxf6 12. Qe3 O-O-O 13. c4 Bd6 14. c5 Bc7 15. b4
Nh6 16. b5 Nxc5 17. bxc6 bxc6 18. Qc3 Nb7 19. Qxc6 Qxd4 20. Nc3 Rd6 21. Nxe6
Qxd2+ 22. Kxd2 Rxc6 23. Nxc7 Rxc7 24. Nb5 Rf7 25. Nxa7+ Kd7 26. g3 Nf5 27. Rhg1
Ra8 28. Nb5 Nc5 29. Kc3 Ne4+ 30. Kb4 Rf6 31. a4 Rfa6 32. Rgd1 Ne3 33. Rdc1 Rc6
34. Rxc6 Kxc6 35. Nd4+ Kd7 36. Ra3 Nc4 37. Rd3 Nb2 38. Ra3 Rb8+ 39. Nb5 Kc6 40.
Ra2 Nxa4 41. Kxa4 Rxb5 42. Rc2+ Rc5 43. Rg2 d4 44. Re2 Kd5 45. Kb4 Rc4+ 46. Kb3
Rc3+ 47. Kb2 d3 48. Re1 Kd4 49. Rxe4+ Kxe4 50. Kxc3 Ke3 51. g4 hxg4 52. f5 gxf5
53. h5 d2 0-1

[Event "23. Memorial Kochana"]
[Site "Koszalin"]
[Date "2012.08.15"]
[Round "6.1"]
[White "Weichhold, Pawel"]
[Black "Ovsejevitsch, Sergei"]
[Result "1-0"]
[WhiteElo "2365"]
[BlackElo "2561"]
[PlyCount "137"]
[EventDate "2012.??.??"]

1. e4 e5 2. Nf3 Nc6 3. Bb5 a6 4. Ba4 Nf6 5. O-O b5 6. Bb3 Bb7 7. c3 Nxe4 8. d4
Na5 9. Bc2 exd4 10. b4 Nc4 11. Bxe4 Bxe4 12. Re1 d5 13. Nxd4 c5 14. bxc5 Bxc5
15. f3 O-O 16. fxe4 dxe4 17. Rxe4 Qd5 18. Qf3 Rad8 19. Nd2 Ne5 20. Qf5 Rfe8 21.
Bb2 g6 22. Qf4 b4 23. Rae1 Qxa2 24. Rxe5 Rxe5 25. Qxe5 Qxb2 26. Qxc5 Qxd2 27.
Qe7 Rf8 28. Qe3 Qxc3 29. Qxc3 bxc3 30. Rc1 Rc8 31. Kf2 Kg7 32. Ke3 a5 33. Kd3
h5 34. Ra1 Rc5 35. Nb3 Rf5 36. Ra2 a4 37. Nd4 Rf1 38. Kxc3 Rf6 39. Kd3 Kh6 40.
Ke3 Ra6 41. Ra3 Kg5 42. Ne2 Re6+ 43. Kf2 Rf6+ 44. Ke1 Ra6 45. Nc3 Rc6 46. Kd2
Rd6+ 47. Kc2 Kf4 48. Nxa4 f5 49. Rd3 Ra6 50. Nc3 g5 51. Kd2 h4 52. Ke2 Ra8 53.
Kf2 g4 54. Ne2+ Kg5 55. Rd2 Ra3 56. Rd8 Ra2 57. Rg8+ Kf6 58. h3 gxh3 59. gxh3
Rb2 60. Rh8 Kg5 61. Rg8+ Kf6 62. Ra8 Rb3 63. Ng1 Rb2+ 64. Ne2 Rb3 65. Ra6+ Ke5
66. Ra5+ Kd6 67. Nf4 Rb2+ 68. Ke3 Rb3+ 69. Kd2 1-0

[Event "23. Memorial Kochana"]
[Site "Koszalin"]
[Date "2012.08.15"]
[Round "6.2"]
[White "Sieciechowicz, Marcin"]
[Black "Malaniuk, Vladimir P"]
[Result "1/2-1/2"]
[WhiteElo "2441"]
[BlackElo "2523"]
[PlyCount "21"]
[EventDate "2012.??.??"]

1. d4 f5 2. Nf3 Nf6 3. g3 g6 4. Bg2 Bg7 5. O-O O-O 6. b3 d6 7. Bb2 Ne4 8. Nfd2
d5 9. f3 Nxd2 10. Qxd2 c5 11. c3 1/2-1/2